Within reach : (Record no. 34217)
[ view plain ]
| 000 -LEADER | |
|---|---|
| fixed length control field | 01639cam a2200433 a 4500 |
| 001 - CONTROL NUMBER | |
| control field | 1198893 |
| 003 - CONTROL NUMBER IDENTIFIER | |
| control field | OSt |
| 005 - DATE AND TIME OF LATEST TRANSACTION | |
| control field | 20140310184420.0 |
| 008 - FIXED-LENGTH DATA ELEMENTS--GENERAL INFORMATION | |
| fixed length control field | 980629s1998 nyua c 000 0aeng |
| 010 ## - LIBRARY OF CONGRESS CONTROL NUMBER | |
| LC control number | 98029215 |
| 020 ## - INTERNATIONAL STANDARD BOOK NUMBER | |
| International Standard Book Number | 0439086507 |
| 040 ## - CATALOGING SOURCE | |
| Original cataloging agency | DLC |
| Transcribing agency | DLC |
| Modifying agency | DLC |
| 042 ## - AUTHENTICATION CODE | |
| Authentication code | lcac |
| 043 ## - GEOGRAPHIC AREA CODE | |
| Geographic area code | n-us--- |
| -- | a-cc--- |
| -- | a-np--- |
| 050 00 - LIBRARY OF CONGRESS CALL NUMBER | |
| Classification number | GV 199.92.P495 |
| Item number | .P528 1999 |
| 100 1# - MAIN ENTRY--PERSONAL NAME | |
| Personal name | Pfetzer, Mark. |
| 9 (RLIN) | 26630 |
| 245 10 - TITLE STATEMENT | |
| Title | Within reach : |
| Remainder of title | my Everest story / |
| Statement of responsibility, etc | Mark Pfetzer and Jack Galvin. |
| 246 30 - VARYING FORM OF TITLE | |
| Title proper/short title | My Everest story |
| 250 ## - EDITION STATEMENT | |
| Edition statement | 1st ed. |
| 260 ## - PUBLICATION, DISTRIBUTION, ETC. (IMPRINT) | |
| Place of publication, distribution, etc | New York : |
| Name of publisher, distributor, etc | scholastic |
| Date of publication, distribution, etc | 1999 |
| 300 ## - PHYSICAL DESCRIPTION | |
| Extent | 224 p. : |
| Other physical details | col. ill. ; |
| Dimensions | 19 cm. |
| 520 ## - SUMMARY, ETC. | |
| Summary, etc | The author describes how he spent his teenage years climbing mountains in the United States, South America, Africa, and Asia, with an emphasis on his two expeditions up Mount Everest. |
| 521 ## - TARGET AUDIENCE NOTE | |
| Target audience note | |
| 526 ## - STUDY PROGRAM INFORMATION NOTE | |
| Reading level | 970 |
| 562 ## - COPY AND VERSION IDENTIFICATION NOTE | |
| Number of copies | 1 |
| 600 10 - SUBJECT ADDED ENTRY--PERSONAL NAME | |
| Personal name | Pfetzer, Mark |
| General subdivision | Juvenile literature. |
| 9 (RLIN) | 26631 |
| 600 11 - SUBJECT ADDED ENTRY--PERSONAL NAME | |
| Personal name | Pfetzer, Mark. |
| 9 (RLIN) | 26632 |
| 650 #0 - SUBJECT ADDED ENTRY--TOPICAL TERM | |
| Topical term or geographic name as entry element | Mountaineers |
| Geographic subdivision | United States |
| General subdivision | Biography |
| -- | Juvenile literature. |
| 9 (RLIN) | 26633 |
| 650 #0 - SUBJECT ADDED ENTRY--TOPICAL TERM | |
| Topical term or geographic name as entry element | Mountaineering |
| Geographic subdivision | Everest, Mount (China and Nepal) |
| General subdivision | Juvenile literature. |
| 9 (RLIN) | 26634 |
| 650 #0 - SUBJECT ADDED ENTRY--TOPICAL TERM | |
| Topical term or geographic name as entry element | Youths' writings, American. |
| 9 (RLIN) | 26635 |
| 650 #1 - SUBJECT ADDED ENTRY--TOPICAL TERM | |
| Topical term or geographic name as entry element | Mountaineers. |
| 9 (RLIN) | 26636 |
| 650 #1 - SUBJECT ADDED ENTRY--TOPICAL TERM | |
| Topical term or geographic name as entry element | Youths' writings. |
| 9 (RLIN) | 9994 |
| 651 #1 - SUBJECT ADDED ENTRY--GEOGRAPHIC NAME | |
| Geographic name | Everest, Mount (China and Nepal) |
| 9 (RLIN) | 13653 |
| 700 1# - ADDED ENTRY--PERSONAL NAME | |
| Personal name | Galvin, Jack. |
| 9 (RLIN) | 26637 |
| 906 ## - LOCAL DATA ELEMENT F, LDF (RLIN) | |
| a | 7 |
| b | cbc |
| c | orignew |
| d | 1 |
| e | ocip |
| f | 19 |
| g | y-gencatlg |
| 942 ## - ADDED ENTRY ELEMENTS (KOHA) | |
| Source of classification or shelving scheme | Library of Congress Classification |
| Koha item type | |
| Withdrawn status | Lost status | Source of classification or shelving scheme | Damaged status | Home library | Current library | Shelving location | Date acquired | Total Checkouts | Full call number | Barcode | Date last seen | Copy number | Price effective from | Koha item type | Source of acquisition | Sub Shelving location |
|---|---|---|---|---|---|---|---|---|---|---|---|---|---|---|---|---|
| Library of Congress Classification | Luxembourg Library | Luxembourg Library | Scholastic Reading Center Section | 10/08/2013 | GV 199.92.P495 .P528 1999 | LEX1068 | 04/18/2017 | 1 | 10/08/2013 | Books | ||||||
| Library of Congress Classification | Luxembourg Library | Luxembourg Library | High School Section | 10/16/2018 | GV 199.92.P495 .P528 1998 | 20623 | 10/22/2018 | 10/16/2018 | Books | Donation |